Топ 30 вузов России - Statistics

General Stats
  • This quiz has been taken 278 times
  • The average score is 9 of 30
Answer Stats
Место Город Answer % Correct
1 Москва МГУ
100%
4 Санкт-Петербург СПбГУ
76%
6 Москва НИУ ВШЭ
65%
7 Москва МГИМО
58%
2 Москва МГТУ им. Н.Э. Баумана
57%
3 Москва МФТИ
47%
10 Москва РАНХиГС
47%
19 Томск ТГУ
47%
14 Новосибирск НГУ
39%
5 Москва НИЯУ МИФИ
35%
18 Москва РУДН
35%
20 Казань КФУ
30%
16 Москва РЭУ им. Г. В. Плеханова
26%
22 Москва МАИ
25%
11 Екатеринбург УрФУ им. Б.Н. Ельцина
24%
8 Санкт-Петербург СПбПУ
22%
17 Москва МИСИС
22%
13 Санкт-Петербург Университет ИТМО
19%
25 Владивосток ДВФУ
19%
29 Санкт-Петербург Горный университет
18%
24 Москва НИУ МЭИ
15%
12 Москва Финансовый университет
13%
23 Красноярск СФУ
13%
9 Томск ТПУ
12%
15 Москва ПМГМУ им. И.М. Сеченова
9%
26 Москва МГЮА
9%
30 Ростов-на-Дону ЮФУ
9%
21 Москва РНИМУ им. Н.И. Пирогова
7%
27 Санкт-Петербург ПСПбГМУ им. Павлова
2%
28 Москва РГУНиГ им. И.М. Губкина
2%
No matching quizzes found
Score Distribution
Percent of People with Each Score
Percentile by Number Answered
Your Score History
You have not taken this quiz